| 000 -LEADER |
| fixed length control field |
01800cam a22004334a 4500 |
| 001 - CONTROL NUMBER |
| control field |
13144196 |
| 003 - CONTROL NUMBER IDENTIFIER |
| control field |
NUST |
| 005 - DATE AND TIME OF LATEST TRANSACTION |
| control field |
20190904095512.0 |
| 008 - FIXED-LENGTH DATA ELEMENTS--GENERAL INFORMATION |
| fixed length control field |
030401s2003 dcua b i000 0 eng |
| 010 ## - LIBRARY OF CONGRESS CONTROL NUMBER |
| LC control number |
2003050076 |
| 020 ## - INTERNATIONAL STANDARD BOOK NUMBER |
| International Standard Book Number |
0821350714 |
| 038 ## - RECORD CONTENT LICENSOR |
| Staff Name |
M.Sohail |
| 040 ## - CATALOGING SOURCE |
| Original cataloging agency |
DLC |
| Transcribing agency |
DLC |
| Modifying agency |
DLC |
| 042 ## - AUTHENTICATION CODE |
| Authentication code |
pcc |
| 043 ## - GEOGRAPHIC AREA CODE |
| Geographic area code |
d------ |
| 050 00 - LIBRARY OF CONGRESS CALL NUMBER |
| Classification number |
HD1131 |
| Item number |
.D45 2003 |
| 082 00 - DEWEY DECIMAL CLASSIFICATION NUMBER |
| Classification number |
333.0091724 |
| Edition number |
21 |
| Author Mark |
DEI |
| 100 1# - MAIN ENTRY--PERSONAL NAME |
| Personal name |
Deininger, Klaus W., |
| Dates associated with a name |
1962- |
| 9 (RLIN) |
19887 |
| 245 10 - TITLE STATEMENT |
| Title |
Land policies for growth and poverty reduction / |
| Statement of responsibility, etc. |
Klaus Deininger. |
| 260 ## - PUBLICATION, DISTRIBUTION, ETC. |
| Place of publication, distribution, etc. |
Washington, DC : |
| Name of publisher, distributor, etc. |
World Bank ; |
| Place of publication, distribution, etc. |
Oxford ; |
| -- |
New York : |
| Name of publisher, distributor, etc. |
Oxford University Press, |
| Date of publication, distribution, etc. |
c2003. |
| 300 ## - PHYSICAL DESCRIPTION |
| Extent |
xlvi, 239 p. : |
| Other physical details |
col. ill. ; |
| Dimensions |
24 cm. |
| 440 #2 - SERIES STATEMENT/ADDED ENTRY--TITLE |
| Title |
A World Bank policy research report |
| 9 (RLIN) |
19862 |
| 504 ## - BIBLIOGRAPHY, ETC. NOTE |
| Bibliography, etc. note |
Includes bibliographical references (p. 207-239). |
| 650 #0 - SUBJECT ADDED ENTRY--TOPICAL TERM |
| Topical term or geographic name entry element |
Land tenure |
| Geographic subdivision |
Developing countries. |
| 9 (RLIN) |
19888 |
| 650 #0 - SUBJECT ADDED ENTRY--TOPICAL TERM |
| Topical term or geographic name entry element |
Land use |
| General subdivision |
Government policy |
| Geographic subdivision |
Developing countries. |
| 9 (RLIN) |
19889 |
| 650 #0 - SUBJECT ADDED ENTRY--TOPICAL TERM |
| Topical term or geographic name entry element |
Land reform |
| Geographic subdivision |
Developing countries. |
| 9 (RLIN) |
19890 |
| 650 #0 - SUBJECT ADDED ENTRY--TOPICAL TERM |
| Topical term or geographic name entry element |
Farm ownership |
| Geographic subdivision |
Developing countries. |
| 9 (RLIN) |
19891 |
| 650 #0 - SUBJECT ADDED ENTRY--TOPICAL TERM |
| Topical term or geographic name entry element |
Right of property |
| Geographic subdivision |
Developing countries. |
| 9 (RLIN) |
19892 |
| 650 #0 - SUBJECT ADDED ENTRY--TOPICAL TERM |
| Topical term or geographic name entry element |
Rural poor |
| Geographic subdivision |
Developing countries. |
| 9 (RLIN) |
19893 |
| 650 #0 - SUBJECT ADDED ENTRY--TOPICAL TERM |
| Topical term or geographic name entry element |
Poverty |
| Geographic subdivision |
Developing countries. |
| 9 (RLIN) |
7336 |
| 651 #0 - SUBJECT ADDED ENTRY--GEOGRAPHIC NAME |
| Geographic name |
Developing countries |
| General subdivision |
Economic conditions. |
| 9 (RLIN) |
6809 |
| 710 2# - ADDED ENTRY--CORPORATE NAME |
| Corporate name or jurisdiction name as entry element |
World Bank. |
| 9 (RLIN) |
4999 |
| 856 41 - ELECTRONIC LOCATION AND ACCESS |
| Materials specified |
Table of contents only |
| Uniform Resource Identifier |
<a href="http://www.loc.gov/catdir/toc/fy041/2003050076.html">http://www.loc.gov/catdir/toc/fy041/2003050076.html</a> |
| 856 42 - ELECTRONIC LOCATION AND ACCESS |
| Materials specified |
Publisher description |
| Uniform Resource Identifier |
<a href="http://www.loc.gov/catdir/enhancements/fy0614/2003050076-d.html">http://www.loc.gov/catdir/enhancements/fy0614/2003050076-d.html</a> |
| 906 ## - LOCAL DATA ELEMENT F, LDF (RLIN) |
| a |
7 |
| b |
cbc |
| c |
orignew |
| d |
1 |
| e |
ocip |
| f |
20 |
| g |
y-gencatlg |
| 942 ## - ADDED ENTRY ELEMENTS (KOHA) |
| Source of classification or shelving scheme |
|
| Koha item type |
Book |